000
00271nam a2200121Ia 4500
008
190216s9999||||xx |||||||||||||| ||und||
100
_a
Null
245
0
_a
Hindi-Ghik Ki Bandkar Di
260
_b
Mac Millian And Com. Ltd
300
_a
90
650
_a
Hindi
942
_c
BK
999
_c
15704
_d
15704